Biblioteca y Centro de Documentación

Réforme des retraites (Registro nro. 33598)

Detalles MARC
000 -CABECERA
Longitud fija campo de control 00853naa a2200265 c 4500
001 - NÚMERO DE CONTROL
Número de control 33598
003 - IDENTIFICADOR DE NÚMERO DE CONTROL
Identificador del número de control ES-MaCES
005 - FECHA Y HORA DE LA ÚLTIMA TRANSACCIÓN
Fecha y hora de la última transacción 20031010100500.0
008 - CAMPO FIJO DE DESCRIPCIÓN FIJA--INFORMACIÓN GENERAL
Códigos de información de longitud fija   031010n2003 fr t 000 | fre d
035 ## - NÚMERO DE CONTROL DEL SISTEMA
Número de control del sistema CES20030005083v
040 ## - FUENTE DE CATALOGACIÓN
Centro catalogador de origen ES-MaCES
Lengua de catalogación spa
Centro transcriptor ES-MaCES
100 1# - ENCABEZAMIENTO PRINCIPAL--NOMBRE PERSONAL
Nombre de persona Delannoy, Benjamin
9 (RLIN) 10485
245 10 - MENCIÓN DE TÍTULO
Título Réforme des retraites
Resto del título : le mythe du plein emploi
Mención de responsabilidad, etc. Benjamin Delannoy
500 ## - NOTA GENERAL
Nota general Resumen
504 ## - NOTA DE BIBLIOGRAFÍA, ETC.
Nota de bibliografía, etc. Bibliografía
650 #4 - ASIENTO SECUNDARIO DE MATERIA--TÉRMINO DE MATERIA
Término de materia o nombre geográfico como elemento inicial Francia
9 (RLIN) 26943
650 #4 - ASIENTO SECUNDARIO DE MATERIA--TÉRMINO DE MATERIA
Término de materia o nombre geográfico como elemento inicial reforma de la seguridad social
9 (RLIN) 30668
650 #4 - ASIENTO SECUNDARIO DE MATERIA--TÉRMINO DE MATERIA
Término de materia o nombre geográfico como elemento inicial pleno empleo
9 (RLIN) 28302
650 #4 - ASIENTO SECUNDARIO DE MATERIA--TÉRMINO DE MATERIA
Término de materia o nombre geográfico como elemento inicial jubilación
9 (RLIN) 28360
653 10 - TÉRMINO DE INDEXACIÓN--NO CONTROLADO
Término no controlado Seguridad Social
773 0# - ENTRADA DE DOCUMENTO FUENTE
Título Futuribles
Parte(s) relacionada(s) nº 288 (juil - août 2003){10324 R. 052753}; p. 89-97
Número de control del registro relacionado (ES-MaCES)25335
Itemnumber del ítem fuente 51778
902 ## - CES. TIPO DE DOCUMENTO
Tipodoc (006$c Sirtex) ART Artículo de revista
942 ## - ELEMENTOS KOHA
Fuente de clasificaión o esquema Clasificación propia del CES
Koha [por defecto] tipo de item Artículos (1982-2017)
Parte de clasificación 3.0.

No hay ítems disponibles.

© CES, Consejo Económico y Social de España 2021